| Поле | Название | Значение |
| |
Тип записи |
a |
| |
Библиографический уровень |
m |
| 001 |
Контрольный номер |
RU\infra-m\znanium\bibl\2197244 |
| 005 |
Дата корректировки |
20260429142226.3 |
| 008 |
Кодируемые данные |
251209s2025 RU g rus u |
| 020 |
Индекс ISBN |
__ |
| a |
ISBN |
978-5-16-021661-4 |
| 020 |
Индекс ISBN |
__ |
| a |
ISBN |
978-5-16-107872-3 (электр. издание) |
| 040 |
Источник каталогиз. |
__ |
| a |
Служба первич. каталог. |
Общество с ограниченной ответственностью «ЗНАНИУМ» |
| 041 |
Код языка издания |
__ |
| a |
Код языка текста |
rus |
| 044 |
Код страны публикации |
__ |
| a |
Код страны публикации |
RU |
| 080 |
Индекс УДК |
__ |
| a |
Индекс УДК |
617.5(075.8) |
| 084 |
Индекс другой классификации/Индекс ББК |
__ |
| 2 |
Источник индекса |
rubbk |
| a |
Индекс другой классификации/Индекс ББК |
54.57я73 |
| 084 |
Индекс другой классификации/Индекс ББК |
__ |
| 2 |
Источник индекса |
okso |
| a |
Индекс другой классификации/Индекс ББК |
31.05.01 |
| 084 |
Индекс другой классификации/Индекс ББК |
__ |
| 2 |
Источник индекса |
okso |
| a |
Индекс другой классификации/Индекс ББК |
31.08.67 |
| 100 |
Автор |
__ |
| a |
Автор |
Авраменко А.А. |
| q |
Полное имя |
Авраменко Антон Алексеевич |
| u |
Дополнение |
Самарский государственный медицинский университет |
| 245 |
Заглавие |
__ |
| a |
Заглавие |
Хирургия: эпонимические симптомы и синдромы |
| b |
Продолж. заглавия |
Практическое пособие |
| c |
Ответственность |
Самарский государственный медицинский университет; Самарский государственный медицинский университет; Витебский государственный медицинский университет; Российский государственный университет правосудия г. Москва им. В.М. Лебедева |
| 250 |
Сведения об издании |
__ |
| a |
Основные сведения об издании |
1 |
| 260 |
Выходные данные |
__ |
| a |
Место издания |
Москва |
| b |
Издательство |
ООО "Научно-издательский центр ИНФРА-М" |
| c |
Дата издания |
2026 |
| 300 |
Физическое описание |
__ |
| a |
Объем |
1111 с. |
| 440 |
Серия |
__ |
| a |
Серия |
Высшее образование |
| 520 |
Аннотация |
__ |
| a |
Аннотация |
Руководство позволит врачам хирургического профиля получить информацию о значении эпонимных терминов с которыми они сталкиваются в практической работе и при изучении специальной медицинской литературы. Книга содержит 2008 эпонимических симптомов симптомокомплексов синдромов и болезней имеющих отношение к основным разделам хирургии. Состоит из двух частей. Первая часть относится к семиотике хирургических заболеваний и представлена их симптомами и признаками. Вторая часть руководства включает нозологические единицы которые распределены по восьми главам — разделам клинической хирургии — и систематизированы в алфавитном порядке. Приводятся их объяснение историческая справка данные по эпидемиологии заболеваний их этиологии и патогенезе и клинической картине. С позиций современной доказательной медицины представлена информация по диагностике лечению и профилактике основных хирургических болезней. В конце книги размещен предметный указатель благодаря которому читатель без труда найдет интересующий его термин. Руководство адресовано широкому кругу врачей хирургического профиля. Будет полезно научным работникам педагогам высшей медицинской школы. |
| 521 |
Примеч. о цел. назн. |
__ |
| a |
Примеч. о целев. назн. |
ВО - Специалитет |
| 650 |
Тематические рубрики |
__ |
| a |
Основная рубрика |
Медицина. Фармакология |
| x |
Основная подрубрика |
Хирургия |
| 655 |
Указ. предметных рубрик (устаревшее) |
__ |
| a |
Жанр/ форма (устаревшее) |
Практическое пособие |
| 700 |
Другие авторы |
__ |
| a |
Другие авторы |
Адыширин-Заде Э.Э. |
| q |
Полное имя |
Адыширин-Заде Эльхан Эмруллаевич |
| 700 |
Другие авторы |
__ |
| a |
Другие авторы |
Алексеев Д.Г. |
| q |
Полное имя |
Алексеев Денис Георгиевич |
| 700 |
Другие авторы |
__ |
| a |
Другие авторы |
Андреев П.С. |
| q |
Полное имя |
Андреев Павел Сергеевич |
| u |
Дополнение |
Самарский государственный медицинский университет |
| 700 |
Другие авторы |
__ |
| a |
Другие авторы |
Байриков И.М. |
| q |
Полное имя |
Байриков Иван Михайлович |
| 700 |
Другие авторы |
__ |
| a |
Другие авторы |
Быстров С. А. |
| q |
Полное имя |
Быстров Сергей Александрович |
| u |
Дополнение |
Санкт-Петербургский государственный университет |
| 700 |
Другие авторы |
__ |
| a |
Другие авторы |
Гаранин А.А. |
| q |
Полное имя |
Гаранин Андрей Александрович |
| u |
Дополнение |
Самарский государственный медицинский университет |
| 700 |
Другие авторы |
__ |
| a |
Другие авторы |
Грачев Б.Д. |
| q |
Полное имя |
Грачев Борис Дмитриевич |
| 700 |
Другие авторы |
__ |
| a |
Другие авторы |
Гусев Д.О. |
| q |
Полное имя |
Гусев Денис Олегович |
| u |
Дополнение |
Российский государственный университет правосудия г. Москва им. В.М. Лебедева |
| 700 |
Другие авторы |
__ |
| a |
Другие авторы |
Ишутов И.В. |
| q |
Полное имя |
Ишутов Игорь Валерьевич |
| 700 |
Другие авторы |
__ |
| a |
Другие авторы |
Каторкин С.Е. |
| q |
Полное имя |
Каторкин Сергей Евгеньевич |
| u |
Дополнение |
Самарский государственный медицинский университет |
| 700 |
Другие авторы |
__ |
| a |
Другие авторы |
Колсанов А.В. |
| q |
Полное имя |
Колсанов Александр Владимирович |
| u |
Дополнение |
Самарский государственный медицинский университет |
| 700 |
Другие авторы |
__ |
| a |
Другие авторы |
Корымасов Е.А. |
| q |
Полное имя |
Корымасов Евгений Анатольевич |
| u |
Дополнение |
Самарский государственный медицинский университет |
| 700 |
Другие авторы |
__ |
| a |
Другие авторы |
Макаров И. В. |
| q |
Полное имя |
Макаров Игорь Валерьевич |
| u |
Дополнение |
Самарский государственный медицинский университет |
| 700 |
Другие авторы |
__ |
| a |
Другие авторы |
Мякотных М.Н. |
| q |
Полное имя |
Мякотных Максим Николаевич |
| 700 |
Другие авторы |
__ |
| a |
Другие авторы |
Низамова Р.С. |
| q |
Полное имя |
Низамова Румия Сахабовна |
| 700 |
Другие авторы |
__ |
| a |
Другие авторы |
Повереннова И.Е. |
| q |
Полное имя |
Повереннова Ирина Евгеньевна |
| u |
Дополнение |
Самарский государственный медицинский университет |
| 700 |
Другие авторы |
__ |
| a |
Другие авторы |
Повереннов А.В. |
| q |
Полное имя |
Повереннов Алексей Вячеславович |
| 700 |
Другие авторы |
__ |
| a |
Другие авторы |
Савельев А.Л. |
| q |
Полное имя |
Савельев Александр Леонидович |
| 700 |
Другие авторы |
__ |
| a |
Другие авторы |
Самуткина М.Г. |
| q |
Полное имя |
Самуткина Марина Геннадьевна |
| 700 |
Другие авторы |
__ |
| a |
Другие авторы |
Свечков Н.А. |
| q |
Полное имя |
Свечков Николай Александрович |
| 700 |
Другие авторы |
__ |
| a |
Другие авторы |
Сушков С.А. |
| q |
Полное имя |
Сушков Сергей Альбертович |
| u |
Дополнение |
Витебский государственный медицинский университет |
| 700 |
Другие авторы |
__ |
| a |
Другие авторы |
Фролова Е.В. |
| q |
Полное имя |
Фролова Елена Владимировна |
| 700 |
Другие авторы |
__ |
| a |
Другие авторы |
Хохлунов С.М. |
| q |
Полное имя |
Хохлунов Сергей Михайлович |
| 700 |
Другие авторы |
__ |
| a |
Другие авторы |
Колсанов А.В. |
| q |
Полное имя |
Колсанов Александр Владимирович |
| u |
Дополнение |
Самарский государственный медицинский университет |
| 700 |
Другие авторы |
__ |
| a |
Другие авторы |
Корымасов Е.А. |
| q |
Полное имя |
Корымасов Евгений Анатольевич |
| u |
Дополнение |
Самарский государственный медицинский университет |
| 700 |
Другие авторы |
__ |
| a |
Другие авторы |
Каторкин С.Е. |
| q |
Полное имя |
Каторкин Сергей Евгеньевич |
| u |
Дополнение |
Самарский государственный медицинский университет |
| 856 |
Электронный адрес документа |
4_ |
| a |
Имя сервера/домена |
znanium.ru |
| m |
Помощь |
ebs_support@infra-m.ru |
| n |
Местонахождение сервера |
НИЦ ИНФРА-М |
| u |
URL |
https://znanium.ru/catalog/document?id=472966 |
| 856 |
Электронный адрес документа |
48 |
| a |
Имя сервера/домена |
znanium.ru |
| d |
Путь |
/cover/2197 |
| f |
Электронное имя |
2197244.jpg |
| q |
Тип электронного формата |
image/jpeg |
| u |
URL |
https://znanium.ru/cover/2197/2197244.jpg |
| 911 |
|
__ |
| u |
|
0030=https://znanium.ru/catalog/document?id=472966 |
| 911 |
|
__ |
| u |
|
712a=Самарский государственный медицинский университет |
| 911 |
|
__ |
| u |
|
712a=Витебский государственный медицинский университет |
| 911 |
|
__ |
| u |
|
712a=Российский государственный университет правосудия г. Москва им. В.М. Лебедева |